Lâm sàng và kỹ thuật xử trí vết thương, chấn thương mạch máu chi thể (Sách chuyên khảo sau đại học)
Chấn thương, vết thương mạch máu chi thể là loại tổn thương thường gập trong thời chiến và thời bình. Nếu không được chẩn đoán, phẫu thuật chính xác và kịp thời có thể dẫn đến hậu quả nặng nề là cụt chi, thậm chí nguy hiểm đến...
Saved in:
| Main Author: | |
|---|---|
| Other Authors: | , |
| Format: | Book |
| Language: | Vietnamese |
| Published: |
H.
Quân đội nhân dân
2014
|
| Subjects: | |
| Tags: |
Add Tag
No Tags, Be the first to tag this record!
|
| Institutions: | Thư viện Trường Đại học Nam Cần Thơ |
|---|
| LEADER | 01669nam a22002417a 4500 | ||
|---|---|---|---|
| 001 | NCT_62189 | ||
| 008 | 190406b xxu||||| |||| 00| 0 vie d | ||
| 999 | |c 3012 |d 3012 | ||
| 020 | |c 315000 | ||
| 082 | 0 | 4 | |2 23rd ed. |a 617.5 |b B312 |
| 100 | 1 | |a Nguyễn Tiến Bình |e Chủ biên | |
| 245 | 1 | 0 | |a Lâm sàng và kỹ thuật xử trí vết thương, chấn thương mạch máu chi thể |b (Sách chuyên khảo sau đại học) |c Nguyễn Tiến Bình, Nguyễn Trường Giang (chủ biên); Hoàng Đình Anh (biên soạn) |
| 260 | |a H. |b Quân đội nhân dân |c 2014 | ||
| 300 | |a 261 tr. |b Minh họa |c 27cm | ||
| 500 | |a ĐTTS ghi: Bộ Quốc phòng. Học viện Quân y | ||
| 520 | 3 | |a Chấn thương, vết thương mạch máu chi thể là loại tổn thương thường gập trong thời chiến và thời bình. Nếu không được chẩn đoán, phẫu thuật chính xác và kịp thời có thể dẫn đến hậu quả nặng nề là cụt chi, thậm chí nguy hiểm đến tính mạng. | |
| 653 | |a Y Đa khoa | ||
| 700 | 1 | |a Nguyễn Trường Giang |e Chủ biên | |
| 700 | 1 | |a Hoàng Đình Anh |e Biên soạn | |
| 942 | |2 ddc |c BK | ||
| 952 | |0 0 |1 0 |2 ddc |4 0 |6 617_500000000000000_B312 |7 0 |9 16357 |a 000001 |b 000001 |d 2019-04-06 |l 1 |o 617.5 B312 |p MD.15066 |r 2020-10-01 |s 2020-09-17 |v 315000.00 |w 2019-04-06 |y BK | ||
| 952 | |0 0 |1 0 |2 ddc |4 0 |6 617_500000000000000_B312 |7 0 |9 16358 |a 000001 |b 000001 |d 2019-04-06 |o 617.5 B312 |p MD.15067 |r 2019-04-06 |v 315000.00 |w 2019-04-06 |y BK | ||
| 980 | |a Thư viện Trường Đại học Nam Cần Thơ | ||